Quantitative Aptitude For Competitive Examinations (Record no. 357597)
[ view plain ]
| 000 -LEADER | |
|---|---|
| fixed length control field | 00556nam a22001817a 4500 |
| 005 - DATE AND TIME OF LATEST TRANSACTION | |
| control field | 20240314101825.0 |
| 008 - FIXED-LENGTH DATA ELEMENTS--GENERAL INFORMATION | |
| fixed length control field | 240314b |||||||| |||| 00| 0 eng d |
| 020 ## - INTERNATIONAL STANDARD BOOK NUMBER | |
| International Standard Book Number | 9788121 924986 |
| 041 ## - LANGUAGE CODE | |
| Language code of text/sound track or separate title | eng |
| 082 ## - DEWEY DECIMAL CLASSIFICATION NUMBER | |
| Classification number | 720.7 |
| Item number | AGG |
| 100 ## - MAIN ENTRY--PERSONAL NAME | |
| Author | Aggarwal R S. |
| 245 ## - TITLE STATEMENT | |
| Title | Quantitative Aptitude For Competitive Examinations |
| 260 ## - PUBLICATION, DISTRIBUTION, ETC. | |
| Place of publication, distribution, etc. | New Delhi |
| Name of publisher, distributor, etc. | S Chand & Company Ltd. |
| Date of publication, distribution, etc. | 2008 |
| 300 ## - PHYSICAL DESCRIPTION | |
| Extent | 726p |
| Other physical details | Pb |
| Dimensions | 24 x 17 |
| 365 ## - TRADE PRICE | |
| Price type code | INR |
| Price amount | 1.00 |
| Currency code | Ruapye |
| 500 ## - GENERAL NOTE | |
| Keywords | H C F & Lc m Of Numbers<br/>Desimal Fractions<br/>Simplication<br/>Square Roofs& Cube Roots |
| 942 ## - ADDED ENTRY ELEMENTS (KOHA) | |
| Koha item type | Donated Book |
| Withdrawn status | Lost status | Source of classification or shelving scheme | Damaged status | Not for loan | Home library | Current library | Date acquired | Vendor | Budget Code | Net Price | Total Checkouts | Total Renewals | Full call number | Barcode | Date last seen | Date last checked out | Discount | Actual Price | Bill Date | Koha item type |
|---|---|---|---|---|---|---|---|---|---|---|---|---|---|---|---|---|---|---|---|---|
| Dewey Decimal Classification | Dr. Bhanuben Nanavati College of Architecture | Dr. Bhanuben Nanavati College of Architecture | 14/03/2024 | DR. Anurag Kashyap | B Arch | 1.00 | 1 | 1 | 720.7 AGG | BNCA-DB-1999 | 03/02/2025 | 22/01/2025 | 100% | 1.00 | 14/03/2024 | Donated Book |